| 000 | 00852nam a22002417a 4500 | ||
|---|---|---|---|
| 008 | 140520t sp||||| |||| 00| 0 spa d | ||
| 020 | _a8424907795 (rústica) | ||
| 020 | _a8424907809 (tela) | ||
| 050 | 0 | 4 |
_aP151 _bK56 1978 |
| 100 | 1 |
_aKimball, John P., _d1941 |
|
| 245 | 1 | 3 |
_aLa teoría formal de la gramática / _cJohn P. Kimball ; versión española de Francisco Ruiz Carrión |
| 250 | _a1a ed. | ||
| 260 |
_aMadrid : _bGredos, _cc1978 |
||
| 300 |
_a221 p. ; _bil. ; _c20 cm. |
||
| 440 | 0 |
_aBiblioteca Románica Hispánica. _nII. _pEstudios y Ensayo ; _v284 |
|
| 500 | _aTraducción de: The formal theory of grammar | ||
| 504 | _aincluye bibliografía e índice | ||
| 650 | 4 | _aGramatica comparada y general | |
| 650 | 4 | _aGramatica generativa | |
| 650 | 4 | _aSemantica | |
| 700 | 1 |
_aRuiz Carrión, Francisco, _qtr. |
|
| 942 |
_2lcc _cLIB |
||
| 999 |
_c74780 _d74780 |
||